LEADER 01092nam a22002771i 4500 001 991003660249707536 005 20031017164033.0 008 031111s1980 gw |||||||||||||||||ger 020 $a3123961001 035 $ab1245767x-39ule_inst 035 $aARCHE-049096$9ExL 040 $aDip.to Lingue$bita$cA.t.i. Arché s.c.r.l. Pandora Sicilia s.r.l. 082 04$a832.7 100 1 $aBehrmann, Alfred$0199556 245 10$aBüchner :$bDantons Tod : eine drameanalyse /$cvon Alfred Behrmann und Joachim Wohlleben 260 $aStuttgart :$bKlett,$c1980 300 $a206 p. ;$c21 cm 440 0$aLiteraturwissenschaft-gesellschaftswissenschaft ;$v47 600 14$aBüchner, Georg.$tDantons Tod 700 1 $aWohlleben, Joachim$eauthor$4http://id.loc.gov/vocabulary/relators/aut$0615380 907 $a.b1245767x$b02-04-14$c13-11-03 912 $a991003660249707536 945 $aLE012 838.7 BUC BEH$g1$i2012000214132$lle012$o-$pE0.00$q-$rl$s- $t0$u0$v0$w0$x0$y.i12887006$z13-11-03 996 $aBüchner$91459449 997 $aUNISALENTO 998 $ale012$b13-11-03$cm$da $e-$fger$ggw $h0$i1 LEADER 03235oas 2201177 a 450 001 9910143783203321 005 20251106213014.0 011 $a2326-3938 035 $a(DE-599)ZDB2159105-2 035 $a(OCoLC)53165323 035 $a(CONSER) 2004235626 035 $a(CKB)991042724395182 035 $a(EXLCZ)99991042724395182 100 $a20031008b19701975 uy b 101 0 $aeng 135 $auranu|||||||| 181 $ctxt$2rdacontent 182 $cc$2rdamedia 183 $acr$2rdacarrier 200 10$aAnuario interamericano de investigacio?n musical =$eYearbook for inter-American musical research = Anua?rio interamericano de pesquisa musical 210 $aAustin, Tex. $cUniversity of Texas at Austin$d1970-1975 300 $aTitle from title screen (JSTOR, viewed Oct. 8, 2003). 311 08$a0886-2192 517 3 $aYearbook for inter-American musical research 517 3 $aAnua?rio interamericano de pesquisa musical 517 1 $aAnnuario 517 1 $aYearbook 517 1 $aAnna?rio 606 $aMusic$zLatin America$vPeriodicals 606 $aMusic$vPeriodicals 606 $aMusicology$vPeriodicals 606 $aEthnomusicology$vPeriodicals 606 $aMusique$zAme?rique latine$vPe?riodiques 606 $aMusique$vPe?riodiques 606 $aEthnomusicologie$vPe?riodiques 606 $aPe?riodiques e?lectroniques 606 $aEthnomusicology$2fast$3(OCoLC)fst00916186 606 $aMusic$2fast$3(OCoLC)fst01030269 606 $aMusicology$2fast$3(OCoLC)fst01030893 606 $aMúsica$2thub 607 $aLatin America$2fast 607 $a7$2gtt 607 $aAmèrica Llatina$2thub 608 $aperiodicals.$2aat 608 $aPeriodicals.$2fast 608 $aPeriodicals.$2lcgft 608 $aPe?riodiques.$2rvmgf 608 $aRevistes electròniques.$2thub 615 0$aMusic 615 0$aMusic 615 0$aMusicology 615 0$aEthnomusicology 615 6$aMusique 615 6$aMusique 615 6$aEthnomusicologie 615 6$aPe?riodiques e?lectroniques. 615 7$aEthnomusicology. 615 7$aMusic 615 7$aMusicology. 615 7$aMúsica. 676 $a780/.98 712 02$aUniversity of Texas at Austin.$bDepartment of Music. 712 02$aUniversity of Texas at Austin.$bInstitute of Latin American Studies. 801 0$bEYM 801 1$bEYM 801 2$bHLS 801 2$bOCLCQ 801 2$bOCL 801 2$bOCLCQ 801 2$bGBVCP 801 2$bDLC 801 2$bLGG 801 2$bOCLCQ 801 2$bOCLCO 801 2$bOCLCA 801 2$bOCLCQ 801 2$bOCLCA 801 2$bOCLCF 801 2$bHUL 801 2$bOCLCO 801 2$bOCLCE 801 2$bUKBOL 801 2$bFIE 801 2$bCCO 801 2$bOCL 801 2$bOCLCQ 801 2$bDEBBG 801 2$bWYU 801 2$bVT2 801 2$bU3W 801 2$bOCLCQ 801 2$bSFB 801 2$bOCLCQ 801 2$bOCLCL 801 2$bMOR 801 2$bUWO 801 2$bOCLCQ 906 $aJOURNAL 912 $a9910143783203321 996 $aAnuario interamericano de investigación musical$91999514 997 $aUNINA